000 00573nam a2200157Ia 4500
008 260210s9999 xx 000 0 und d
024 _a19B-060-CS, 19B-079-CS, & 19B-087-CS
082 _a005.6072 KHA
100 _aNeha Khan, Kanwal Iqbal, & Laiba Usman
110 _aMiss Marvi Jokhio
245 0 _aTAILORING SERVICE (SEW-CCESS)
260 _aKarachi:
_bUITU,
_c2019
600 _aComputer Science
650 _aBachelor of Computer Science (BS)
856 _uhttps://drive.google.com/file/d/1i80rELG_opOH-UlWGz1qbRAGW_AhAjGp/view?usp=sharing
_yClick here for PDF
999 _c32520
_d32520